| 000 | 00000nam##2200000za#4500 |
| 001 | 9.518571 |
| 003 | CaOODSP |
| 005 | 20200331221518 |
| 007 | ta |
| 008 | 150406|1991||||xxc||||| f|0| 0 fre|d |
| 020 | |a0-660-56417-3 |
| 022 | |a0317-2376 |
| 040 | |aCaOODSP|bfre |
| 041 | |aeng |
| 041 | |afre |
| 043 | |an-cn--- |
| 086 | 1 |aE3-1990/35 |
| 110 | 1 |aCanada.|bAffaires extérieures et Commerce extérieur. |
| 245 | 10|aExtradition: Traité d'extradition entre le gouvernement du Canada et le gouvernement des États-Unis Mexicains : |bMexico, le 16 mars 1990. En vigueur le 21 octobre 1990 |
| 260 | |aOttawa - Ontario : |bAffaires extérieures et Commerce extérieur |c1991. |
| 300 | |a38p. ; |c25 cm. |
| 490 | 1 |aRecueil des traités|x0317-2376|v1990/35 |
| 546 | |aBilingue |
| 563 | |aCouverture souple |
| 590 | |a91-15|b1991-04-12 |
| 691 | 07|aJustice pénale|2gcpds |
| 776 | 0#|tExtradition |w(CaOODSP)9.812508 |
| 791 | |tExtradition: Treaty of Extradition between the Government of Canada and the Government of the United Mexican States : |eeng|w(CaOODSP)9.518570 |
| 830 | #0|aRecueil des traités,|x0317-2376|v1990/35|w(CaOODSP)9.509229 |